00402nam a2200145 i 4500001001100000003000500011005001700016008004100033040002500074245003300099264005500132336002100187337002500208338002300233C2-0241970PPAK20180729000149.0020822s2002 my |||| ||||| | may d aPPAKbengcPPAKerda00aKe arah Haji Mabrur (vol. 1) 1aPetaling Jaya, Selangor : bKD Production , c2002 2rdacontentatext 2rdamediaaunmediated 2rdacarrieravolume